Представление документа в формате MARC21

Поле Инд. ПП Название Значение
Тип записи a
Библиографический уровень m
001 Контрольный номер 485c1782-eee4-11da-855a-00c0262f1595
005 Дата корректировки 20140703144112.2
008 Кодируемые данные 060529
040 a Служба первич. каталог. НБ ТвГУ
041 a Код языка текста rus
080 a Индекс УДК 514.7
a Индекс УДК 515.1
084 a Индекс другой классификации/Индекс ББК В151.6
a Индекс другой классификации/Индекс ББК В152
090 a Полочн. индекс В151.6
x Авторский знак Д 50
100 1_ a Автор Фоменко Анатолий Тимофеевич
q Полное имя Фоменко А Т.
245 10 a Заглавие Дифференциальная геометрия и топология
b Продолж. заглавия дополнительные главы
h Физич. носитель Электронный ресурс
260 0_ a Место издания Ижевск
c Дата издания 1999
b Издательство Регулярная и хаотическая динамика
b Издательство Удмуртский ун-т
300 a Объем 250, [2] с.
500 a Примечание Извлечено из: Дифференциальная геометрия и топология. - М., 2004. - (Электронная билиотека)
a Примечание Также можно просмотреть издание,
650 a Основная рубрика Дифференциальная геометрия
650 a Основная рубрика Топология
653 a Ключевые слова CD-ROM
a Ключевые слова АВМ
a Ключевые слова Дифференциальная геометрия
a Ключевые слова Топология
920 a Оператор Густ
930 a Новая/Ретро АВМ
a Новая/Ретро CD-ROM
a Новая/Ретро Электронный ресурс
954 a Дата поступления на обработку 20060531